000 02242cam a22004574i 4500
003 PE-LiUPU
005 20250731172936.0
008 150623s r 000 0 d
020 _a0802843220
035 _a(Sirsi) i9780802843227
040 _aPE-LiUPU
_bspa
_cPE-LiUPU
_erda
049 _aPRUA
082 0 4 _a230.221
_bS36
_221
100 1 _aSeitz, Christopher R.,
_eautor.
245 1 0 _aWord without end :
_bthe old testament as abiding theological witness /
_cChristopher Seitz.
264 1 _aMichigan :
_bWilliam B. Eerdmans Publishing Company,
_c1998.
300 _a355 páginas ;
_c23 centímetros
336 _atext
_2rdacontent
337 _aunmediated
_2rdamedia
338 _avolume
_2rdacarrier
505 0 _aThe old testament as abiding theological witness. -God as other, God as holy. -The historical-critical endeavor as theology. -"And without God in the world". -"In accordance with the scriptures". -Old testament or hebrew bible?. -The changing face of old testament studies. -Biblical authority in the late twentieth century. -"We are not prophets or apostles". EXEGESIS :Isaiah and the search for a new paradigm. -Isaiah and Lamentations. -Royal promises in the canonical books of Isaiah and the Psalms. -How is the prophet isaiah present in the latter half of the book?. -Isaiah in parish bible study. -Isaiah in new testament, lectionary, pulpit. -The call of moses and the "revelation" of the divine name. -PRACTICE : The divine name in Christian scripture.
526 _aSEG42
526 _aSEG41
526 _aSEG40
526 _aSEG39
526 _aP94
526 _aP87
526 _aP86
526 _aP85
526 _aP77
526 _aP76
526 _aP35
630 _aBiblia.
_pA.T.
_xCrítica, interpretación, etc.
630 _aBiblia.
_pA.T.
_xTEOLOGIA.
942 _2ddc
_cBOOK
949 _a230.221 S36
_wDEWEY
_c1
_i44406
_lCCODEBUL1
_mBUL
_r0
_sY
_tBOOK
_u2015-6-24
_xTEOLOGIA
_PP35
_0COMPRA
_o.STAFF. Colección General
994 _aC0
_bPEPRU
596 _a1
999 _a230.221 S36
_wDEWEY
_c21287
_i44406
_f2021-11-9
_g5
_lCCODEBUL1
_mBUL
_q1
_r0
_sY
_tBOOK
_u2015-6-24
_xTEOLOGIA
_PP35
_0COMPRA
_o.STAFF. Colección General
_d21287
980 _81
_gALBERTO SANCHEZ Responsable de Automatización